Krásna Hôrka Po stopách histórie

Bibliographic Details
Main Author: Kyselica, František (Author)
Format: Article
Language:Slovak
PhysicalDescription:Obr. 1
Subjects:

MARC

LEADER 00000nab a2200000 a 4500
001 vtls000522218
003 SK-MaSNL
005 20260303004031.0
008 120928c1994 xo 0 slo
015 |a SNBRB19rr/mm-uuuuu 
035 |a CL0522356 
040 |a SNKBUCL  |b slo  |c SNKBUCL  |e AACR2 
041 0 |a slo 
044 |a xo  |c SK 
080 |a 904:728.8  |2 1981 
080 |a 728.8  |2 1981 
100 1 |a Kyselica, František  |4 aut  |9 499034 
245 1 0 |a Krásna Hôrka  |b Po stopách histórie  |c František Kyselica 
300 |b Obr. 1 
610 2 7 |a Krásna Hôrka (Krásnohorské Podhradie, Slovensko : hrad)  |2 snkbucl  |9 31335 
650 0 7 |a hrady  |z Krásnohorské Podhradie (Slovensko)  |2 snkbucl  |9 921547 
651 7 |a 5408  |2 snkbucl  |9 279318 
655 7 |a články z novín a časopisov  |2 snkbucl  |9 267496 
773 0 |t Slovenská republika  |g Roč. 1, č. 67 (29. 7. 1994), s. 8 
850 |a Slovenská národná knižnica v Martine  |a MTA001 
852 |a SNK  |b KIS3GCP 
958 |a RK 
992 |a RBX 
999 |c 1575715  |d 1577645